Journal of business & value creation [JBVC] (Record no. 38361)

MARC details
000 -LEADER
fixed length control field 00830nam a2200169Ia 4500
022 ## - INTERNATIONAL STANDARD SERIAL NUMBER
ISSN 23158212
050 ## - CALL MARK
Classification number HD 2755.5 . V35/
245 #0 - TITLE STATEMENT
Title Journal of business & value creation [JBVC]
260 ## - PUBLICATION, DISTRIBUTION, ETC. (IMPRINT)
Place of publication Port-Harcourt, Nigeria
260 ## - PUBLICATION, DISTRIBUTION, ETC. (IMPRINT)
Name of publisher Stramark communication press
260 ## - PUBLICATION, DISTRIBUTION, ETC. (IMPRINT)
Year of publication 2015
300 ## - PHYSICAL DESCRIPTION
Number of Pages vi, 256 p. :ill. ; 29 cm.
650 ## - SUBJECT ADDED ENTRY--TOPICAL TERM
Topical Term International business enterprises. Strategic alliances (Business) Knowledge management. Technological innovations--Economic aspects. Industrial location. Globalization--Economic aspects. BUSINESS & ECONOMICS / Development / Business Development. BUSINESS & ECONOMICS / International / General. BUSINESS & ECONOMICS / Management. BUSINESS & ECONOMICS / Strategic Planning.
942 ## - ADDED ENTRY ELEMENTS (KOHA)
Koha item type Serials

No items available.